000 00472nam a2200181Ia 4500
003 GCL
008 140319s9999 xx 000 0 eng d
040 _aGCL /
_cGCL
082 0 4 _a843
_bB V
100 1 _aBOUGAINVILLE, LOUIS ANTOINE
245 1 0 _aVOYAGE AUTOUR /
_cBOUGAINVILLE, LOUIS ANTOINE
260 _a[S.N] :
_bGALLIMARD ،
_c1993
300 _a477 P
490 _aCOLLECTION FOLIO
_v0
650 0 4 _aLITERATURE
650 0 4 _aFRENCH LITERATURE
942 _2ddc
_cBK
999 _c23111
_d23111